[Event "POL-ch Blitz U18 Girls"]
[Site "Bydgoszcz"]
[Date "2023.08.31"]
[Round "1"]
[White "Duda, Aleksandra"]
[Black "Skorupa, Antonina"]
[Result "1/2-1/2"]
[WhiteElo "1581"]
[BlackElo "1149"]
[PlyCount "86"]
[EventDate "2023.08.28"]
[EventType "swiss"]
[EventRounds "9"]
[EventCountry "POL"]
[SourceTitle "EXT 2024"]
[Source "ChessBase"]
[SourceDate "2023.10.10"]
[SourceVersion "1"]
[SourceVersionDate "2023.10.10"]
[SourceQuality "1"]

1. d4 d5 2. Nf3 c6 3. Bf4 a6 4. e3 b5 5. c3 Nf6 6. Bd3 Bg4 7. 0-0 e6 8. h3 Bh5 9. Nbd2 Bd6 10. Bxd6 Qxd6 11. Be2 Bg6 12. Ne5 0-0 13. Ndf3 Nbd7 14. Nxg6 hxg6 15. a3 c5 16. Re1 Ne4 17. Bd3 Ndf6 18. Ne5 c4 19. Bc2 Qc7 20. Qe2 Rac8 21. a4 Qe7 22. axb5 axb5 23. Ra6 Ra8 24. Rea1 Qb7 25. Rxa8 Rxa8 26. Rxa8+ Qxa8 27. Qd1 Qa2 28. Bxe4 Nxe4 29. Qc2 Qa1+ 30. Kh2 Qf1 31. f3 Nf6 32. b3 Qe1 33. bxc4 bxc4 34. Qb2 Qxe3 35. Qb8+ Kh7 36. Qb2 Qf4+ 37. Kh1 Nh5 38. Kg1 Qe3+ 39. Qf2 Qc1+ 40. Kh2 Qf4+ 41. Kg1 Qc1+ 42. Kh2 Qf4+ 43. Kg1 Qc1+ 1/2-1/2